Blackened by Metallica - all lyrics - Statistics

General Stats
  • This quiz has been taken 12 times
  • The average score is 107 of 203
Answer Stats
Answer % Correct
Blackened
100%
blackened
100%
is
100%
the
100%
end
90%
a
80%
of
80%
to
80%
dance
70%
dead
70%
fire
70%
never
70%
begin
60%
in
60%
our
60%
world
60%
all
50%
colour
50%
death
50%
earth
50%
it
50%
mother
50%
rebirth
50%
see
50%
whipping
50%
will
50%
you
50%
darkest
40%
die
40%
human
40%
humanity
40%
into
40%
obscurity
40%
put
40%
send
40%
violation
40%
winter
40%
and
30%
been
30%
have
30%
its
30%
mend
30%
might
30%
mutilation
30%
planet
30%
sun
30%
terminate
30%
throwing
30%
what
30%
worth
30%
agitation
20%
blistering
20%
breath
20%
cancellation
20%
compromise
20%
dies
20%
done
20%
evolution's
20%
hypocrisy
20%
kill
20%
liberation
20%
life
20%
nicotine
20%
potency
20%
race
20%
said
20%
waste
20%
away
10%
before
10%
blistered
10%
breathing
10%
callous
10%
chill
10%
contradiction
10%
darkening
10%
deadly
10%
decadence
10%
decay
10%
disappears
10%
exit
10%
expectation
10%
frigid
10%
kills
10%
lay
10%
left
10%
millions
10%
minutes
10%
nevermore
10%
nothing
10%
opposition
10%
outcome
10%
population
10%
remains
10%
seen
10%
smoldering
10%
take
10%
termination
10%
true
10%
vain
10%
years
10%
expiration
0%
her
0%
premonition
0%
No matching quizzes found
Score Distribution
Percent of People with Each Score
Percentile by Number Answered
Your Score History
You have not taken this quiz